The practice of marriage counseling. (Record no. 14535)

000 -LEADER
fixed length control field 00585nam a2200181 a 4500
001 - CONTROL NUMBER
control field :::00012367$&:&@@
003 - CONTROL NUMBER IDENTIFIER
control field OkBaRHE
005 - DATE AND TIME OF LATEST TRANSACTION
control field 20000607103418.0
008 - FIXED-LENGTH DATA ELEMENTS--GENERAL INFORMATION
fixed length control field s1951 j 000 0 eng u
040 ## - CATALOGING SOURCE
Transcribing agency
100 1# - MAIN ENTRY--PERSONAL NAME
Personal name Mudd, Emily Hartshorne.
245 14 - TITLE STATEMENT
Title The practice of marriage counseling.
260 ## - PUBLICATION, DISTRIBUTION, ETC. (IMPRINT)
Place of publication, distribution, etc New York, NY., :
Name of publisher, distributor, etc Association Press
Date of publication, distribution, etc c1951
300 ## - PHYSICAL DESCRIPTION
Extent 336 p. ;
Dimensions 25 cm.
650 ## - SUBJECT ADDED ENTRY--TOPICAL TERM
Topical term or geographic name as entry element Marriage Counseling
942 ## - ADDED ENTRY ELEMENTS (KOHA)
Source of classification or shelving scheme
Koha item type Books
Copies
Koha item type Source of classification or shelving scheme Copy number Current Location Barcode Withdrawn status Permanent Location Shelving location Not for loan Damaged status Date acquired Lost status Price effective from Full call number Date last seen
Books 1RHEMA Bible Training College12367 RHEMA Bible Training CollegeGeneral Stacks  2010-04-14 2010-04-14HQ 10 .M782010-04-14